Selling by telephone : (Record no. 344120)
[ view plain ]
| 000 -LEADER | |
|---|---|
| fixed length control field | 00992 a2200217 4500 |
| 020 ## - INTERNATIONAL STANDARD BOOK NUMBER | |
| International Standard Book Number | 0749426764 |
| 020 ## - INTERNATIONAL STANDARD BOOK NUMBER | |
| International Standard Book Number | 9780749426767 |
| 090 ## - LOCALLY ASSIGNED LC-TYPE CALL NUMBER (OCLC); LOCAL CALL NUMBER (RLIN) | |
| -- | 1603 |
| -- | 1603 |
| 100 1# - MAIN ENTRY--PERSONAL NAME | |
| Personal name | Winter, Chris De. |
| 245 10 - TITLE STATEMENT | |
| Title | Selling by telephone : |
| Remainder of title | how to turn cold calling into hot profit / |
| Statement of responsibility, etc. | Chris De Winter. |
| 250 ## - EDITION STATEMENT | |
| Edition statement | 3rd ed. |
| 260 ## - PUBLICATION, DISTRIBUTION, ETC. | |
| Place of publication, distribution, etc. | [S.l.] : |
| Name of publisher, distributor, etc. | Kogan Page Ltd, |
| Date of publication, distribution, etc. | 1998. |
| 300 ## - PHYSICAL DESCRIPTION | |
| Extent | 160 p. |
| 490 1# - SERIES STATEMENT | |
| Series statement | Business enterprise. |
| 500 ## - GENERAL NOTE | |
| General note | Hardcover. |
| 520 ## - SUMMARY, ETC. | |
| Summary, etc. | This guide to a major area of marketing pinpoints the mistakes that alienate potential customers and highlights methods that bring successful results. Practical instruction is given on voice control, telesales scripts, personnel recruitment and training, and many other issues. |
| 830 #0 - SERIES ADDED ENTRY--UNIFORM TITLE | |
| Uniform title | Business enterprise. |
| 856 40 - ELECTRONIC LOCATION AND ACCESS | |
| Materials specified | Amazon.com |
| Uniform Resource Identifier | <a href="http://www.amazon.com/exec/obidos/ASIN/0749426764/chopaconline-20">http://www.amazon.com/exec/obidos/ASIN/0749426764/chopaconline-20</a> |
| 856 40 - ELECTRONIC LOCATION AND ACCESS | |
| Materials specified | Amazon customer reviews |
| Uniform Resource Identifier | <a href="http://www.chopac.org/cgi-bin/tools/azrev.pl?q=0749426764">http://www.chopac.org/cgi-bin/tools/azrev.pl?q=0749426764</a> |
| 942 ## - ADDED ENTRY ELEMENTS (KOHA) | |
| Institution code [OBSOLETE] | NBS |
| Koha item type | Book |
| Call number prefix | 658.81 |
| Withdrawn status | Lost status | Source of classification or shelving scheme | Damaged status | Not for loan | Permanent Location | Current Location | Date acquired | Total Checkouts | Full call number | Barcode | Date last seen | Price effective from | Koha item type |
|---|---|---|---|---|---|---|---|---|---|---|---|---|---|
| Central Library (CL) | Central Library (CL) | 08/28/2013 | 658.81 DEW | NBS1602 | 08/28/2013 | 08/28/2013 | Book |
